000 00720nam a2200241Ia 4500
003 OSt
005 20220923225523.0
006 a|||||r|||| 00| 0
007 ta
008 220922b |||||||| |||| 00| 0 snd d
024 _a270,317
037 _cTextual
040 _aARTS
_cARTS
_bsnd
041 _2snd
_asnd
082 _aO1593:g, K9
100 _aमल्काणी, मंघाराम उधाराम
245 0 _aअदबी उसूल
246 _aAdabī usūla
260 _c1968
650 _aसिन्धी साहित्य
_9156264
942 _hO1593:g, K9
_cTEXL
_2CC
999 _c378798
_d378798